000 00759nam a2200133Ia 4500
008 220620s9999||||xx |||||||||||||| ||und||
022 _a16648714
100 _aAndrea Raballo||Giovanni Stanghellini||Vittorio Gallese||Mariateresa Sestito
245 0 _aEmbodying the Self: Neurophysiological Perspectives on the Psychopathology of Anomalous Bodily Experiences
546 _aEnglish[eng]
650 _aPhenomenology||Anorexia||Mirror neurons system||Self disorders||multisensory integration||Schizophrenia||embodiment||Psychopathology||anomalous bodily experiences||Neurophysiology
856 _uhttps://www.frontiersin.org/research-topics/3618/embodying-the-self-neurophysiological-perspectives-on-the-psychopathology-of-anomalous-bodily-experi
942 _cEB
999 _c27036
_d27036